000 00254nam a22001217a 4500
040 _cSY
082 _a382
100 _aCHAY KONGKRUY
245 _aAgricultural trade liberalization
260 _aRUA
_bCHAY KONGKRUY
_c2012
300 _a73p.
942 _cKB
999 _c8794
_d8794